000 00575nam a22002177a 4500
005 20260511125823.0
008 260511b |||||||| |||| 00| 0 eng d
020 _a9788131264577
_c2765.00
040 _aMAIN
041 _aEnglish
082 _a572.865
_bABB
100 _aAbbas, Abul K.
_926786
245 _aCellular And Molecular Immunology
250 _a10th
260 _aNew Delhi
_bElsevier
_c2023
300 _a587
650 _aEnvironment Science (PM USHA)
_926725
700 _aLichtman, Andrew H.
_926787
700 _aPillai, Shiv
_926788
942 _cBK
999 _c60760
_d60760